Countries by Most Official Languages Quiz Stats

 Plays Quiz not verified by Sporcle

Challenge
Share
Tweet
Embed
Score 0/53 Timer 07:00
0 Plays Today
# Country % Correct
23India
94%
11South Africa
89.2%
4Switzerland
78.5%
2Canada
76.1%
5Democratic Republic of the Congo
72.9%
9Nigeria
70.5%
3Belgium
68.7%
2Kenya
67.6%
3Papua New Guinea
63.7%
2Tanzania
60.2%
2Finland
59.4%
2Philippines
59.4%
2Israel
59.2%
2Somalia
59%
4Singapore
58.2%
2Sudan
57%
2Madagascar
56.2%
2New Zealand
55.8%
2Afghanistan
55.4%
2Morocco
53.8%
2Ireland
53%
3Rwanda
52.6%
2Uganda
52%
2Cameroon
51.4%
2Chad
51%
2Sri Lanka
51%
2Cyprus
48.6%
# Country % Correct
2Haiti
48.6%
2Burundi
47.8%
4Bolivia
47%
2Iraq
47%
3Eritrea
45.8%
2Fiji
45.4%
3Luxembourg
44.7%
2Lesotho
43%
2Swaziland
42.6%
2Comoros
41.8%
3Seychelles
40.2%
3Vanuatu
39.8%
2Djibouti
39.4%
2Tonga
38.2%
3Bosnia and Herzegovina
37.8%
2Kyrgyzstan
37.8%
2Kosovo
37.1%
2Equatorial Guinea
36.7%
2Tuvalu
36.7%
2Paraguay
36.3%
2Marshall Islands
35.9%
2Norway
35.1%
2Malta
34.7%
2Timor Leste
33.1%
2Macedonia
29.9%
2Portugal
24.7%

You're not logged in!

Compare scores with friends on all Sporcle quizzes.
Join for Free
OR
Log In

You Might Also Like...

Show Comments

Extras

Top Quizzes Today


Score Distribution

Your Account Isn't Verified!

In order to create a playlist on Sporcle, you need to verify the email address you used during registration. Go to your Sporcle Settings to finish the process.

Report this User

Report this user for behavior that violates our Community Guidelines.

Details: